Hand of Creation - Terraria Crafting Tree - Statistics

General Stats
  • This quiz has been taken 6 times
  • The average score is 6 of 9
Answer Stats
Item % Correct
Hand of Creation
83%
Ancient Chisel
67%
Brick Layer
67%
Extendo Grip
67%
Paint Sprayer
67%
Portable Cement Mixer
67%
Step Stool
67%
Architect Gizmo Pack
50%
Treasure Magnet
50%
No matching quizzes found
Score Distribution
Percent of People with Each Score
Percentile by Number Answered
Your Score History
You have not taken this quiz